000 00828nam a22002897a 4500
003 CHAP
005 20220817042454.0
008 971013s1957 r 00010 d
010 _a45739
011 _a46711
035 _a50852
040 _cCHAP
082 _a338.1
_bF3p 1960
110 _aFAO
245 _aPrograma del censo agropecuario mundial de 1960
260 _aRoma :
_bFAO,
_c1957
300 _a79 p.
590 _aBATCH-UPD
_b10
_c20130110
_lUCH01
_h1646
590 _aBATCH-UPD
_b10
_c20130410
_lUCH01
_h1036
590 _aBATCH-UPD
_b10
_c20130914
_lUCH01
_h1505
590 _aCONVERSION
_b10
_c20130109
_lUCH01
_h1325
650 1 4 _aAgricultura
_xEstadisticas.
_91417
650 1 4 _aGanado
_xEstadísticas.
_944913
901 _aBK
942 _cLIBRO
949 _a338.1 F3p 1960
_bBC
_cFAO
_d-114154
_eFAO1
_i50852
_si
999 _c45739
_d45739